The trains we rode / (Record no. 103896)

MARC details
000 -LEADER
campo de control de longitud fija 00999cam a2200337 a 4500
001 - NÚMERO DE CONTROL
campo de control 123332
005 - FECHA Y HORA DE LA ÚLTIMA TRANSACCIÓN
campo de control 20230410143546.0
008 - DATOS DE LONGITUD FIJA--INFORMACIÓN GENERAL
campo de control de longitud fija 900604s1993 nyua 001 0 eng d
035 ## - NÚMERO DE CONTROL DEL SISTEMA
-- (DLC) 90061899
035 ## - NÚMERO DE CONTROL DEL SISTEMA
Número de control de sistema 1999897
010 ## - NÚMERO DE CONTROL DE LA BIBLIOTECA DEL CONGRESO
Número de control de LC 90061899
020 ## - NÚMERO INTERNACIONAL ESTÁNDAR DEL LIBRO
Número Internacional Estándar del Libro 0883940817
035 ## - NÚMERO DE CONTROL DEL SISTEMA
Número de control de sistema (OCoLC)22834929
040 ## - FUENTE DE CATALOGACIÓN
Centro catalogador/agencia de origen VCQ
Centro/agencia transcriptor VCQ
Centro/agencia modificador DGU
-- OCoLC
-- DLC
042 ## - CÓDIGO DE AUTENTICACIÓN
Código de autenticación lccopycat
043 ## - CÓDIGO DE ÁREA GEOGRÁFICA
Código de área geográfica n-us---
050 14 - SIGNATURA TOPOGRÁFICA DE LA BIBLIOTECA DEL CONGRESO
Número de clasificación TF 23
Número de ítem B414t 1993
082 00 - NÚMERO DE LA CLASIFICACIÓN DECIMAL DEWEY
Número de clasificación 385.0973
100 1# - ENTRADA PRINCIPAL--NOMBRE DE PERSONA
Nombre de persona Beebe, Lucius Morris,
Fechas asociadas al nombre 1902-1966.
245 14 - MENCIÓN DEL TÍTULO
Título The trains we rode /
Mención de responsabilidad, etc. Lucius Beebe & Charles Clegg.
260 ## - PUBLICACIÓN, DISTRIBUCIÓN, ETC.
Lugar de publicación, distribución, etc. New York :
Nombre del editor, distribuidor, etc. Promontory Press,
Fecha de publicación, distribución, etc. 1993.
300 ## - DESCRIPCIÓN FÍSICA
Extensión 976 p. :
Otras características físicas ill. ;
Dimensiones 29 cm.
500 ## - NOTA GENERAL
Nota general Includes index.
650 #0 - PUNTO DE ACCESO ADICIONAL DE MATERIA--TÉRMINO DE MATERIA
Término de materia o nombre geográfico como elemento de entrada Railroads
Subdivisión geográfica United States
Subdivisión general History.
650 #0 - PUNTO DE ACCESO ADICIONAL DE MATERIA--TÉRMINO DE MATERIA
Término de materia o nombre geográfico como elemento de entrada Railroads
Subdivisión geográfica United States
Subdivisión general Pictorial works.
650 #4 - PUNTO DE ACCESO ADICIONAL DE MATERIA--TÉRMINO DE MATERIA
Término de materia o nombre geográfico como elemento de entrada Ferrocarriles
Subdivisión general Historia
Subdivisión geográfica Estados Unidos.
650 #4 - PUNTO DE ACCESO ADICIONAL DE MATERIA--TÉRMINO DE MATERIA
Término de materia o nombre geográfico como elemento de entrada Ferrocarriles
Subdivisión geográfica Estados Unidos.
700 1# - ENTRADA AGREGADA--NOMBRE PERSONAL
Nombre de persona Clegg, Charles,
Fechas asociadas al nombre 1916-1979.
942 ## - ELEMENTOS DE ENTRADA SECUNDARIOS (KOHA)
Fuente del sistema de clasificación o colocación Clasificación de Library of Congress
Tipo de ítem Koha
922 ## -
-- co
Holdings
Estatus retirado Estado de pérdida Fuente del sistema de clasificación o colocación Estado de daño No para préstamo Colección Biblioteca de origen Biblioteca actual Ubicación en estantería Fecha de adquisición Signatura topográfica completa Código de barras Visto por última vez Copia número Tipo de ítem Koha
    Clasificación de Library of Congress     Colección de Tecnología Biblioteca Juan Bosch Biblioteca Juan Bosch Humanidades (4to. Piso) 10/04/2023 TF 23 B414t 1993 00000116647 21/01/2019 1